हनुमानजी का कुशल प्रबंधन / (Record no. 48859)

MARC details
000 -LEADER
fixed length control field 01201nam a22002177a 4500
005 - DATE AND TIME OF LATEST TRANSACTION
control field 20090409113643.0
010 ## - LCCN (DPL NO)
LC control number HIN-91106
020 ## - INTERNATIONAL STANDARD BOOK NUMBER
International Standard Book Number 9788128826177
Terms of availability 100.00
035 ## - SYSTEM CONTROL NUMBER
System control number HN-63452
037 ## - SOURCE OF ACQUISITION
Source of stock number/acquisition DBAD / PUB
100 ## - MAIN ENTRY--PERSONAL NAME
Personal name जोगी, सुनील
245 ## - TITLE STATEMENT
Title हनुमानजी का कुशल प्रबंधन /
Statement of responsibility, etc सुनील जोगी
246 ## - VARYING FORM OF TITLE
Title proper/short title Hanumanji ka Prabandhan Kaushal
Remainder of title by Sunil Jogi
260 ## - PUBLICATION, DISTRIBUTION, ETC. (IMPRINT)
Place of publication, distribution, etc नई दिल्ली
Name of publisher, distributor, etc डायमंड पॉकेट बुक्स
Date of publication, distribution, etc 2010
270 ## - ADDRESS
Address -30, ओखला इंडस्ट्रियल एरिया, फेज-2
City नई दिल्ली
Telephone number 011- 41611861
Postal code 110020
Fax number 011- 41611866
Electronic mail address sales@dpb.in
300 ## - PHYSICAL DESCRIPTION
Extent 175पृ
Dimensions 22सेमी (अजिल्द)
700 ## - ADDED ENTRY--PERSONAL NAME
9 (RLIN) 24404
942 ## - ADDED ENTRY ELEMENTS (KOHA)
Institution code [OBSOLETE] dpl
Item type Hindi Books
Source of classification or shelving scheme Dewey Decimal Classification
Call number suffix जोगीसु
Holdings
Withdrawn status Lost status Not for loan Collection code Home library Current library Date acquired Source of acquisition Cost, normal purchase price Full call number Barcode Copy number Cost, replacement price Koha item type
    Not For Loan Non-fiction D.B.Act.Division D.B.Act.Division 29/11/2010 DBAD /PUB 100.00 जोगीसु HN-63452 1 100.00 Hindi Books

© Delhi Public Library
Hit Counter
free hit counter